01084nam a2200193Ia 4500008004100000020001500041050002200056100003400078245012900112250001900241260003200260300003700292500010200329504002900431505032800460650002800788650003900816700003500855120626s2003 mx a 000 0 spa d a9682467586 aLB1043 bO43 2003 aOgalde Careaga, Isabelcautor aLos materiales didácticos b: medios y recursos de apoyo a la docenciac/ Isabel, Ogalde Careaga y Esther, Bardavid Nissim a2a. edición  aMéxicob: Trillasc, 2003 a143 páginas b: ilustraciones  aIncluye: Índice de contenido, Introducción (pp. 7 - 9), Índice analítico (pp. 137 - 143)  aBibliografía (p. 135)  8La tecnología educativa y los medios y recursos didácticos Los materiales didácticos. Medios y recursos Fundamentos psicológicos del uso de los materiales didácticos Fundamentos de la comunicación en el uso de los materiales didácticos Los materiales didácticos Diseño de mensajes audiovisuales  aMATERIALES DIDÁCTICOS aENSEÑANZAxMATERIALES AUXILIARES aBardavid Nissim, Esthereautor